在空白地图上画出河北所有县级行政区Counties in Hebei with an empty map - Statistics

General Stats
  • This quiz has been taken 121 times
  • The average score is 116 of 167
Answers on the Map
Answers color-coded by a green-red scale on the quiz's map according to % correct below.
 
Answer Stats
% Correct
秦皇岛市 山海关区
97%
廊坊市 三河市
97%
保定市 雄县
94%
秦皇岛市 北戴河区
91%
保定市 定州市
91%
廊坊市 香河县
91%
廊坊市 大厂回族自治县
91%
石家庄市 赵县
88%
秦皇岛市 卢龙县
88%
保定市 涿州市
88%
承德市 承德县
88%
沧州市 黄骅市
88%
张家口市 | 石家庄市 桥西区
85%
石家庄市 井陉矿区
85%
石家庄市 井陉县
85%
廊坊市 霸州市
85%
石家庄市 长安区
82%
唐山市 路南区
82%
唐山市 曹妃甸区
82%
唐山市 迁安市
82%
唐山市 滦州市
82%
秦皇岛市 昌黎县
82%
邯郸市 魏县
82%
邢台市 清河县
82%
保定市 安新县
82%
保定市 易县
82%
保定市 高碑店市
82%
张家口市 桥东区
82%
张家口市 宣化区
82%
张家口市 下花园区
82%
张家口市 蔚县
82%
沧州市 沧县
82%
沧州市 青县
82%
沧州市 吴桥县
82%
廊坊市 广阳区
82%
衡水市 冀州区
82%
沧州市 | 石家庄市 新华区
79%
石家庄市 藁城区
79%
石家庄市 正定县
79%
唐山市 路北区
79%
唐山市 迁西县
79%
唐山市 遵化市
79%
秦皇岛市 海港区
79%
秦皇岛市 青龙满族自治县
79%
邯郸市 峰峰矿区
79%
邯郸市 武安市
79%
邢台市 南宫市
79%
沧州市 任丘市
79%
衡水市 深州市
79%
石家庄市 赞皇县
76%
石家庄市 辛集市
76%
唐山市 丰润区
76%
邯郸市 临漳县
76%
邢台市 沙河市
76%
张家口市 崇礼区
76%
张家口市 张北县
76%
承德市 鹰手营子矿区
76%
沧州市 泊头市
76%
沧州市 河间市
76%
衡水市 桃城区
76%
唐山市 滦南县
74%
唐山市 玉田县
74%
邯郸市 大名县
74%
保定市 满城区
74%
保定市 涞水县
74%
保定市 容城县
74%
张家口市 涿鹿县
74%
承德市 双桥区
74%
承德市 双滦区
74%
承德市 丰宁满族自治县
74%
承德市 围场满族蒙古族自治县
74%
廊坊市 固安县
74%
石家庄市 鹿泉区
71%
邯郸市 磁县
71%
保定市 莲池区
71%
保定市 徐水区
71%
承德市 兴隆县
71%
承德市 隆化县
71%
承德市 平泉市
71%
廊坊市 安次区
71%
石家庄市 裕华区
68%
唐山市 开平区
68%
唐山市 丰南区
68%
邯郸市 邯山区
68%
邯郸市 丛台区
68%
邢台市 信都区
68%
邢台市 巨鹿县
68%
保定市 涞源县
68%
保定市 曲阳县
68%
保定市 安国市
68%
张家口市 沽源县
68%
沧州市 运河区
68%
沧州市 南皮县
68%
廊坊市 大城县
68%
廊坊市 文安县
68%
衡水市 枣强县
68%
石家庄市 行唐县
65%
石家庄市 晋州市
65%
唐山市 古冶区
65%
保定市 唐县
65%
张家口市 万全区
65%
承德市 滦平县
65%
石家庄市 元氏县
62%
秦皇岛市 抚宁区
62%
邯郸市 肥乡区
62%
邯郸市 涉县
62%
邯郸市 广平县
62%
邯郸市 馆陶县
62%
邢台市 襄都区
62%
张家口市 阳原县
62%
张家口市 怀来县
62%
张家口市 赤城县
62%
承德市 宽城满族自治县
62%
沧州市 东光县
62%
衡水市 武强县
62%
衡水市 景县
62%
石家庄市 栾城区
59%
石家庄市 无极县
59%
石家庄市 平山县
59%
石家庄市 新乐市
59%
唐山市 乐亭县
59%
邯郸市 复兴区
59%
邯郸市 永年区
59%
邯郸市 鸡泽县
59%
邢台市 南和区
59%
邢台市 威县
59%
邢台市 临西县
59%
保定市 清苑区
59%
保定市 高阳县
59%
保定市 望都县
59%
沧州市 海兴县
59%
廊坊市 永清县
59%
衡水市 武邑县
59%
衡水市 故城县
59%
石家庄市 深泽县
56%
邯郸市 邱县
56%
保定市 竞秀区
56%
保定市 蠡县
56%
保定市 顺平县
56%
张家口市 康保县
56%
张家口市 怀安县
56%
沧州市 盐山县
56%
沧州市 肃宁县
56%
沧州市 献县
56%
石家庄市 高邑县
53%
邢台市 任泽区
53%
邢台市 柏乡县
53%
邢台市 宁晋县
53%
保定市 阜平县
53%
保定市 博野县
53%
石家庄市 灵寿县
50%
邯郸市 曲周县
50%
邢台市 临城县
50%
邢台市 内丘县
50%
邢台市 新河县
50%
邢台市 广宗县
50%
保定市 定兴县
50%
张家口市 尚义县
50%
沧州市 孟村回族自治县
50%
邢台市 隆尧县
47%
邢台市 平乡县
47%
邯郸市 成安县
44%
衡水市 饶阳县
44%
衡水市 安平县
44%
衡水市 阜城县
38%
No matching quizzes found
Score Distribution
Percent of People with Each Score
Percentile by Number Answered
Your Score History
You have not taken this quiz